000 01429cam a2200397 a 4500
001 15195894
003 OSt
005 20240702143849.0
008 080227s2009 enkab b 001 0 eng
010 _a 2008008818
015 _aGBA875758
_2bnb
016 7 _a014640973
_2Uk
020 _a9780415419451 (hbk)
020 _a041541945X (hbk)
020 _a9780415419468 (pbk)
020 _a0415419468 (pbk)
020 _a9780203891919 (ebk)
020 _a0203891910 (ebk)
035 _a(OCoLC)ocn212410161
040 _cmust
050 0 0 _aTC409
_b.N49 2009
082 0 0 _a333.927 NEW 2009
_222
100 1 _aNewson, Malcolm David.
_918364
245 1 0 _aLand, water and development :
_bsustainable and adaptive management of rivers /
_cMalcolm Newson.
250 _a3rd ed.
260 _aLondon ;
_aNew York :
_bRoutledge,
_c2009.
300 _axxxi, 441 p. :
_bill., maps ;
_c25 cm.
504 _aIncludes bibliographical references (p. [365]-423) and index.
650 0 _aWatershed management.
_916100
650 0 _aWater resources development.
_918365
650 0 _aSustainable development.
_91103
856 4 1 _3Table of contents only
_uhttp://www.loc.gov/catdir/toc/ecip0812/2008008818.html
906 _a7
_bcbc
_corignew
_d1
_eecip
_f20
_gy-gencatlg
942 _2ddc
_cO_SHELF
999 _c9034
_d9034